Bilecik Bilecik Bilecik Bilecik Bilecik

Juran's quality planning and analysis : (Record no. 1072)

MARC details
000 -BAŞLIK
Sabit Uzunluktaki Kontrol Alanı 02115nam a22003377a 4500
001 - KONTROL NUMARASI
Control Dosyası 0001077
003 - KONTROL NUMARASI KİMLİĞİ
Kontrol Alanı KOHA_MİRAKIL
005 - EN SON İŞLEM TARİHİ ve ZAMANI
Kontrol Alanı 20260207001229.0
007 - FİZİKSEL TANIM SABİT ALAN - GENEL BİLGİ
Sabit uzunluklu kontrol alanı ta
008 - SABİT UZUNLUKTAKİ VERİ ÖGELERİ - GENEL BİLGİ
Sabit Alan 081212b2007 us |||gr||||#||||0|eng |
020 ## - ISBN - ULUSLARARASI STANDART KİTAP NUMARASI
Isbn 0071254218
Kullanılabilirlik koşulları YTL71,714499999999987
040 ## - KATALOGLAMA KAYNAĞI
Özgün Kataloglama Kurumu TR-BiSEU
Kataloglama Dili tur
Çeviri Kurumu TR-BiSEU
Açıklama Kuralları rda
041 0# - DİL KODU
Metin ya da ses kaydının dil kodu eng
044 ## - YAYINLAYAN/ÜRETEN KURULUŞUN ÜLKE KODU
ISO country code us
050 ## - SINIFLAMA ve YER NUMARASI
Sınıflama Numarası TS156
Yer Numarası .G79 2007
100 1# - KİŞİ ADI
Yazar Adı (Kişi adı) Gryna, Frank M. .
245 1# - ESER ADI BİLDİRİMİ
Başlık Juran's quality planning and analysis :
Alt Eseradı vb. for enterprise quality/
Sorumluluk Bildirimi Frank M. Gryna ; Frank M. Gryna, Richard C.H. Chua, Joseph A. DeFeo.
264 #1 - ÜRERİM, YAYIN, DAĞITIM ve TELİF BİLDİRİMİ
Yayın yeri Boston :
Yayınlayan McGraw-Hill, c2007
Yayın tarihi 2007
300 ## - FİZİKSEL TANIMLAMA
Sayfa, Cilt vb. xxvi, 774 sayfa
336 ## - İÇERİK TÜRÜ
Content type term metin
Content type code txt
Source rdacontent
337 ## - MEDYA TÜRÜ
Media type term aracısız
Media type code n
Source rdamedia
338 ## - TAŞIYICI TÜRÜ
Carrier type term cilt
Carrier type code nc
Source rdacarrier
490 0# - DİZİ BİLDİRİMİ
Dizi Bildirimi McGraw-Hill series in industrial engineering and management science
500 ## - GENEL NOT
Genel Not "Earlier editions of this book were written by J. M. Juran."
500 ## - GENEL NOT
Genel Not Includes bibliographical references and indexes.
505 ## - İÇİNDEKİLER NOTU
İçindekiler Notu Introduction: A Roadmap for Change Part I: Foundation 1. Basic Concepts 2. Companywide Assessment of Quality 3. Quality Improvement and Cost Reduction 4. Operational Quality Planning and Sales Income 5. Quality Control Part II: Managerial Concepts 6. Process Management 7. Organization for Quality 8. Strategic Quality Management 9. Developing a Quality Culture Part III: Functional Applications 10. Understanding Customer Needs 11. Designing for Quality 12. Supply Chain Management 13. Operations-Manufacturing Sector 14. Operations-Service Sector 15. Inspection, Test, and Measurement 16. Quality Assurance Audits Part IV: Statistical Techniques 17. Basic Concepts of Statistics and Probability 18. Statistical Tools for Analyzing Data 19. Statistical Tools for Designing for Quality 20. Statistical Process Control Appendix I: Supplementary Problems Using Minitab Appendix II: Study Guide Examples Appendix III: Tables
650 #0 - KONU BAŞLIĞI EK GİRİŞ - KONU TERİMİ
Konusal terim veya coğrafi ad Kalite kontrol.
9 (RLIN) 3866
650 #0 - KONU BAŞLIĞI EK GİRİŞ - KONU TERİMİ
Konusal terim veya coğrafi ad Quality control.
9 (RLIN) 3832
830 0# - SERİ EK GİRİŞİ - TEKBİÇİM ESER ADI
Tekbiçim Başlık McGraw-Hill series in industrial engineering and management science
9 (RLIN) 3867
942 ## - EK GİRİŞ ÖGELERİ (KOHA)
Source of classification or shelving scheme Library of Congress Classification
Koha item type Book
505 ## - İÇİNDEKİLER NOTU
--
Holdings
Materyal Türü Kalıcı Konum Mevcut Konum Raf Yeri Sınıflandırma Kaynağı Edinim Bilgisi Ana Konular Alt Konular Yer Numarası Demirbaş Numarası Fatura Tarihi Maliyet, Alış Fiyatı Maliyet, Yenileme Fiyatı Geri Çekilme Durumu Kayıp Durumu Hasarlı Durumu Kredi için değil Kayıt Tarih Toplam Ödünçverme Son Görülme Tarihi Son Kontrol Tarihi
Book Prof. Dr. Azmi Özcan Kütüphanesi Prof. Dr. Azmi Özcan Kütüphanesi Birûni Salonu Library of Congress Classification Satın TEKNOLOJİ İmalat TS156 .G79 2007 0001077 12/12/2008 77.45 77.45         12/12/2008   05/12/2024 05/12/2024